Transborder Co-Operation and Competition Among Firms in the Polish-German Borderland
| Titel: | Transborder Co-Operation and Competition Among Firms in the Polish-German Borderland / Sylwia Dołzbłasz, Andrzej Raczyk |
|---|---|
| Verfasser: | ; |
| In: |
Tijdschrift voor economische en sociale geografie, Band 108, Heft 2 (2017), Seite 141-156 alle Artikel anzeigen |
| Veröffentlicht: | 2017 |
| Umfang: | 5 Illustrationen |
| Format: | Aufsatz |
| Sprache: | Englisch |
X
alg: 51354289 001A $03025:29-11-23 001B $01999:29-11-23 $t22:47:15.000 001D $03025:29-11-23 001U $0utf8 001X $00 002@ $0Oou 002C $aText $btxt $2rdacontent 002D $aComputermedien $bc $2rdamedia 002E $aOnline-Ressource $bcr $2rdacarrier 003@ $0513542892 007A $0513542892 $aHEB 009Q $uhttps://doi.org/10.1111/tesg.12191 $xVolltext 010@ $aeng 010E $erda 011@ $a2017 021A $aTransborder Co-Operation and Competition Among Firms in the Polish-German Borderland $hSylwia Dołzbłasz, Andrzej Raczyk 028A $BVerfasser $4aut $71160727023 $8Dołzbłasz, Sylwia [Tp3] $9432335366 028C $BVerfasser $4aut $7 $8Raczyk, Andrzej [Tnu] $9190890088 031A $d108 $e2 $h141-156 $j2017 034M $a5 Illustrationen 039B $aEnthalten in $8--Obvc--. Tijdschrift voor economische en sociale geografie. - Oxford : Wiley-Blackwell, 1967-. - Online-Ressource. - ISSN 1467-9663. - DOI 10.1111/(ISSN)1467-9663 $x201700001080002859 $9081920407 044K $RDeutsches Sprachgebiet $RDeutschland $RDeutschland $#Deutsche Länder $#Germany Deutschland $#Heiliges Römisches Reich $#Rheinbund $#Deutscher Bund $#Norddeutscher Bund $#Deutsches Reich $#Deutschland Gebiet unter Alliierter Besatzung $#Deutschland Bundesrepublik, 1990- $#BRD 1990- $#Federal Republic of Germany Deutschland $#Republic of Germany Deutschland $#Allemagne Deutschland $#Ǧumhūrīyat Almāniyā al-Ittiḥādīya $#Bundesrepublik Deutschland 1990- $#BRD $#Niemcy $#République Fédérale d'Allemagne Deutschland $#Repubblica Federale di Germania Deutschland $#Germanija $#Federativnaja Respublika Germanija $#FRG $#Deyizhi-Lianbang-Gongheguo $74011882-4 $8Deutschland [Tg1] $9085025550 044K $RFrontier $RStaatsgrenze $#Borderlands $#Régions frontalières $#Tierras fronterizas $#Grenzregion $#Grenzgebiet $#Grenzland $#Grenzregion $#Grenzraum $#Grenzbezirk $74021993-8 $8Grenzgebiet [Ts1] $9085053791 044K $RKongresspolen $RWestgalizien $#Generalgouvernement Polen $#Polska $#Rzeczpospolita Polska $#Polska Rzeczpospolita Ludowa $#Poland $#Pologne $#République Polonaise $#Generalne Gubernatorstwo w Polsce $#Polish People's Republic $#Polska Rzeczpospolita Polen $#PRL $#RP $#Polen Generalgouvernement $#Polska Generalgouvernement $#Besetzte Polnische Gebiete $#Besetztes Gebiet in Polen $#Okupowane Polskie Obszary $#Obszary Okupowane w Polsce $#Volksrepublik Polen $#Polska Rosyjska $#Republic Polen $#Respublika Pol'ša $#Pol'skaja Narodnaja Respublika $#République de Pologne $#Polen Links der Weichsel $#Polska po Lewej Stronie Wisły $#Lenkija $#Polija $#Gubernija Carstva Pol'skago $#Republik Polen $74046496-9 $8Polen [Tg1] $9085129801 044K $RMarktstruktur $RKonkurrent $#Contests $#Competition $#Concours $#Concurrence $#Concorrenza $#Certámenes $#Wettbewerb $#Wettbewerb $#Konkurrenz Wirtschaft $#Ideenwettbewerb $#Wettbewerbe $74065835-1 $8Wettbewerb [Ts1] $9085185140 044K $RKooperation $RInternationale Kooperation $#Coopération transfrontalière $#grenzüberschreitende Zusammenarbeit $#Grenzüberschreitende Zusammenarbeit $#Grenzüberschreitende Beziehungen $74194363-6 $8Grenzüberschreitende Kooperation [Ts1] $9085972223 044K $RUnternehmen $#Firmierung $#Firmenname $#Firmenbezeichnung $#Unternehmensname $#Handelsname Kaufmann $74017250-8 $8Firma [Ts1] $908504038X 044K $#economics $#Economics $#Wirtschaft $#Ökonomie $#Wirtschaftsleben $#Ökonomie Wirtschaft $74066399-1 $8Wirtschaft [Tsz] $9085186635 045F $a330.09438090511 $eDDC23BSB 045F/01 $a330.09 045F/03 $f090511 045F/03 $g438 045F/03 $g43 lok: 51354289 78 exp: 51354289 78 1 #EPN 201B/01 $029-11-23 $t12:50:42.000 201C/01 $029-11-23 201U/01 $0utf8 203@/01 $01249339820 208@/01 $a29-11-23 $be 209A/01 $a/ $f000 $x00 209A/01 $ab*p $x01 220C/01 $apgar 244Z/01 $#Generalgouvernement Polen $#Polska $#Rzeczpospolita Polska $#Polska Rzeczpospolita Ludowa $#Poland $#Pologne $#République Polonaise $#Generalne Gubernatorstwo w Polsce $#Polish People's Republic $#Polska Rzeczpospolita Polen $#PRL $#RP $#Polen Generalgouvernement $#Polska Generalgouvernement $#Besetzte Polnische Gebiete $#Besetztes Gebiet in Polen $#Okupowane Polskie Obszary $#Obszary Okupowane w Polsce $#Volksrepublik Polen $#Polska Rosyjska $#Republic Polen $#Respublika Pol'ša $#Pol'skaja Narodnaja Respublika $#République de Pologne $#Polen Links der Weichsel $#Polska po Lewej Stronie Wisły $#Lenkija $#Polija $#Gubernija Carstva Pol'skago $#Republik Polen $74046496-9 $8--Tg1--Polen $x01 $9085129801 247C/01 $82080>Marburg/Lahn, Herder-Institut, Forschungsbibliothek, Bibliographieportal $9336309341
| LEADER | 00000caa a2200000 c 4500 | ||
|---|---|---|---|
| 001 | 513542892 | ||
| 003 | DE-603 | ||
| 005 | 20231129224715.0 | ||
| 007 | cr|||||||||||| | ||
| 008 | 231129s2017 xx |||| o| u00||u|eng c | ||
| 035 | |a (DE-599)HEB513542892 | ||
| 040 | |a DE-603 |b ger |c DE-603 |d DE-603 |e rda | ||
| 041 | |a eng | ||
| 082 | 0 | 4 | |8 1\u |a 330.09438090511 |q DE-101 |2 23/BSB |
| 085 | |8 1\u |b 330.09 | ||
| 085 | |8 1\u |z 1 |s 090511 | ||
| 085 | |8 1\u |z 2 |s 438 | ||
| 085 | |8 1\u |z 2 |s 43 | ||
| 100 | 1 | |a Dołzbłasz, Sylwia |e Verfasser |4 aut |0 (DE-603)432335366 |0 (DE-588)1160727023 |2 gnd | |
| 245 | 0 | 0 | |a Transborder Co-Operation and Competition Among Firms in the Polish-German Borderland |c Sylwia Dołzbłasz, Andrzej Raczyk |
| 264 | 0 | |c 2017 | |
| 300 | |b 5 Illustrationen | ||
| 336 | |a Text |b txt |2 rdacontent | ||
| 337 | |a Computermedien |b c |2 rdamedia | ||
| 338 | |a Online-Ressource |b cr |2 rdacarrier | ||
| 650 | 7 | |a Grenzgebiet |0 (DE-588)4021993-8 |0 (DE-603)085053791 |2 gnd | |
| 650 | 7 | |a Wettbewerb |0 (DE-588)4065835-1 |0 (DE-603)085185140 |2 gnd | |
| 650 | 7 | |a Grenzüberschreitende Kooperation |0 (DE-588)4194363-6 |0 (DE-603)085972223 |2 gnd | |
| 650 | 7 | |a Firma |0 (DE-588)4017250-8 |0 (DE-603)08504038X |2 gnd | |
| 650 | 7 | |a Wirtschaft |0 (DE-588)4066399-1 |0 (DE-603)085186635 |2 gnd | |
| 651 | 7 | |a Deutschland |0 (DE-588)4011882-4 |0 (DE-603)085025550 |2 gnd | |
| 651 | 7 | |a Polen |0 (DE-588)4046496-9 |0 (DE-603)085129801 |2 gnd | |
| 700 | 1 | |a Raczyk, Andrzej |e Verfasser |4 aut |0 (DE-603)190890088 | |
| 773 | 0 | 8 | |i Enthalten in |t Tijdschrift voor economische en sociale geografie |d Oxford : Wiley-Blackwell, 1967- |h Online-Ressource |o 10.1111/(ISSN)1467-9663 |x 1467-9663 |g Band 108, Heft 2 (2017), Seite 141-156 |w (DE-603)081920407 |w (DE-600)1482901-0 |
| 856 | |u https://doi.org/10.1111/tesg.12191 | ||
| 924 | 1 | |9 2080 |a (DE-603)1249339820 |b DE-2080 |c HES |d d |g / | |


